Jugadores que han ganado el Balón de Oro y la Champions League - Estadísticas

Estadísticas generales
  • Esta prueba ha sido intentada 57 veces
  • La puntuación promedio es 8 de 14
Estadísticas de respuestas
Respuesta Balón de Oro Champions % Correcto
Cristiano Ronaldo 20082014 2016 2017 2018 20082014 2016 2017 2018
98%
Lionel Messi 20092010 2011 2012 2015 2019 2021 2023 20062009 2011 2015
93%
Benzema 2022 2014 2016 2017 2018 2022
76%
Kaká 2007 2007
73%
Ronaldinho 2005 2006
69%
Zinédine Zidane 1998 2002
60%
Alfredo Di Stéfano 19571959 19561960
47%
Marco van Basten 19881989 1992 19891990
47%
Johan Cruyff 19711973 1974 19741976
45%
Ruud Gullit 1987 19891990
38%
Franz Beckenbauer 19721976 19741976
35%
Michel Platini 19831985 1985
31%
George Weah 1995 1995
22%
Paolo Rossi 1982 1985
22%
No se encontraron pruebas coincidentes
Distribución de puntuación
Porcentaje de gente con cada puntuación
Porcentaje por número respondido
Historial de tus puntuaciones
No has intentado esta prueba.